000 00554nam a22001937a 4500
999 _c2180
_d2180
003 URS
005 20220114142027.0
008 200121s2002 ph |||| |||| 00| 0 eng d
020 _a9715061087
040 _cURS
_beng
_drda
050 1 4 _aPL 6055
_b.B8691 2002
100 _aBron,Ligaya O.
245 1 0 _aFilipino 2 pagbasa at pagsulat sa ibat' ibang disiplina
_cLigaya O. Bron
260 _aManila :
_bU.S.T Publishing House;
_c[2002]
300 _axv 247 pages:
_c23 cm.
504 _aBibliography:p.246
650 _aPagbasa at Pagsulat
942 _2lcc
_cF